=LDR 00000nam 2200000 4500 =001 INLIS000000000038135 =005 20130612143824 =008 ***********************************ind** =035 ##$$0010-061300000038135 =041 ##$$a ind =082 ##$$a 613 Per s =090 ##$$a 613 , Per s =100 ##$$a Permana, Affan Priyambodo =850 ##$$a NBPNMAT